Educación en crisis : sistemas precarios (Record no. 66549)

MARC details
000 -CABECERA
campo de control de longitud fija 00491nam a2200193 a 4500
005 - FECHA Y HORA DE LA ÚLTIMA TRANSACCIÓN
campo de control 20210219153030.0
008 - ELEMENTOS DE LONGITUD FIJA--INFORMACIÓN GENERAL
campo de control de longitud fija 991125n 000 0 spa u
035 ## - NÚMERO DE CONTROL DEL SISTEMA
Número de control de sistema UPN01000073727
100 1# - ASIENTO PRINCIPAL--NOMBRE PERSONAL
Nombre de persona Guardia, Miguel
222 #0 - TÍTULO CLAVE
Título clave COMUNICACION EDUCATIVA
245 00 - MENCIÓN DE TÍTULO
Título Educación en crisis : sistemas precarios
300 ## - DESCRIPCIÓN FÍSICA
Extensión 8
362 0# - FECHAS DE PUBLICACIÓN Y/O DESIGNACIÓN SECUENCIAL
Fecha de publicación y/o designación secuencial 1982 Año 3, no. 17, mar.
653 0# - TERMINO DE INDIZACION - NO CONTROLADO
Término no controlado CRISIS EDUCATIVA
653 0# - TERMINO DE INDIZACION - NO CONTROLADO
Término no controlado EDUCACION
653 0# - TERMINO DE INDIZACION - NO CONTROLADO
Término no controlado NIÑOS
904 ## - ELEMENTOS DE DATOS D LOCAL, LDD (RLIN)
a AC
b 011538
905 ## - TIPO DE MATERIAL
Tipo de material Articulo

No items available.